000 00856nam a2200277 a 4500
008
020 _a9780521861816 (hardback)
040 _aNUST
_cNUST
049 _aMAIN
090 _aBF176.65
_bDOM
100 1 _aDomino, George
245 1 0 _aPsychological Testing:
_bAn Introduction /
_cDomino, George and Domino, Marla L.
260 _aNew York :
_bCambridge University Press,
_c2006
300 _aSecond Edition
300 _axi, 640 pages
_billustrations ;
_c25 cm
336 _atext
_btxt
_2rdacontent
337 _aunmediated
_bn
_2rdamedia
338 _avolume
_bnc
_2rdamedia
500 _aIncludes index
650 1 _aPsychological Testing
700 _aDomino, Marla L.
907 _a.b10400473
_b01-06-21
_c01-04-21
003
005 20230123141156.0
942 _cBOOKS
_kBF176.65
_mDOM
999 _c168974
_d168974